La bande dessinée (notice n° 1567200)
[ vue normale ]
| 000 -LEADER | |
|---|---|
| fixed length control field | 00986cam a2200133 4500500 |
| 005 - DATE AND TIME OF LATEST TRANSACTION | |
| control field | 20251214002607.0 |
| 041 ## - LANGUAGE CODE | |
| Language code of text/sound track or separate title | fre |
| 042 ## - AUTHENTICATION CODE | |
| Authentication code | dc |
| 100 10 - MAIN ENTRY--PERSONAL NAME | |
| Personal name | Fresnault-Deruelle, Pierre |
| Relator term | author |
| 245 00 - TITLE STATEMENT | |
| Title | La bande dessinée |
| 260 ## - PUBLICATION, DISTRIBUTION, ETC. | |
| Name of publisher, distributor, etc. | Armand Colin,<br/> |
| Date of publication, distribution, etc. | 2009.<br/> |
| 520 ## - SUMMARY, ETC. | |
| Summary, etc. | La bande dessinée est, dans le domaine de l’image fixe, une forme moderne de narration figurative. Outre le fait qu’elle peut être utilisée comme moyen d’information, la bande dessinée est avant tout un moyen d’expression. Si l’auteur a choisi une approche largement esthétique de ce médium, il en propose également une étude historique, médiologique (les supports) et technique (noir et blanc, couleurs, rhétorique des effets produits, etc.). En bref, il s’est agi de mettre l’accent sur l’intelligence graphique de ce qu’on appelle, par ailleurs, le « IXe art ». |
| 856 41 - ELECTRONIC LOCATION AND ACCESS | |
| Uniform Resource Identifier | <a href="https://shs.cairn.info/la-bande-dessinee--9782200351571?lang=fr&redirect-ssocas=7080">https://shs.cairn.info/la-bande-dessinee--9782200351571?lang=fr&redirect-ssocas=7080</a> |
Pas d'exemplaire disponible.




Réseaux sociaux